=LDR 00000nam 2200000 4500 =001 INLIS000000000051279 =005 20200324071927 =035 ##$$a 0010-0917000083 =007 ta =008 200324###########################0###### =020 ##$$a 798-602-9396-02-7 =082 ##$$a 297.56 =084 ##$$a 297.56 All f =100 #$$a Prof. DR. Shalih bin Al- Laahim, MA =245 1#$$a Fiqih Darah Wanita : $b Menyajikan Pendapat-pendapat Terkuat Mengenai implikasi /$c Al- Laahim, Prof. DR. Shalih bin Abdullah =260 ##$$a Surabaya :$b Pustaka elba,$c 2011 =300 ##$$a 397 hlm ; $c 32 cm =990 ##$$a 01201710474 =990 ##$$a 31700648